vufinder Bibliothèque Municipale de Charleval de Provence
Se connecter

Epicerie du paradis sur Terre (L')

Book Cover
Auteur principal: James McBride
D'autres auteurs: François Happe
Support: Livres
Langue: Francais
Publié: 2025 Gallmeister Paris
Genre: Roman
Collection: Fiction
Sujets:
Étiquettes: Ajouter
Pas de Tags !

LEADER 01152nam0a2200217 450
001 16848532
010 |a 978-2-35178-337-5  |b br. sous jaquet  |d 25,9 € 
100 |a 20241008d2025 u u0frey01 ba 
101 1 |a fre  |c eng 
102 |a FR 
200 0 |a Epicerie du paradis sur Terre (L')  |f James McBride  |g traduit de l'anglais (Etats-Unis) par François Happe 
207 1 |a   
210 |a Paris  |c Gallmeister  |d 2025 
215 |a 1 vol. (512 p.)  |d 21 x 15 cm 
225 1 |a Fiction  |x 1956-0982 [sic] 
330 |a En 1972, des ouvriers de Pottstown, en Pennsylvanie, découvrent des restes humains au fond d'un puits. L'identité du squelette est bien connue des habitants du quartier pauvre de Chicken Hill, où se côtoient Juifs et Noirs américains. Mais c'est un secret que tous gardent. Alors, quand la police s'intéresse à un enfant sourd, Chona Ludlow, son mari Moshe et NateTimblin lui viennent en aide. 
700 0 |a McBride  |b James  |f 1957-....  |4 70 
702 0 |a Happe  |b François  |4 730 
900 |a Roman 
901 |a Accessible au prêt 
995 |a Bibliothèque  |c Bibliothèque  |f 00156009953688  |h 00156009953688  |k R MCB  |o p  |q a  |r az  |u 1/1 R MCB  |e Bibliothèque 

Options de recherche

Historique de recherche
Recherche avancée

Trouver plus

Nouveautés

Besoin d'aide ?

Contacter un bibliothécaire